| 000 | 01353cam a22003975a 4500 | ||
|---|---|---|---|
| 001 | 4429758 | ||
| 005 | 20150811113017.0 | ||
| 008 | 940223t2009 ne a f b 00110 eeng d | ||
| 010 | _a | ||
| 020 | _a9781856174220 | ||
| 040 |
_aDLC _beng _cDLC _dEG-ScBUE |
||
| 042 | _alcode | ||
| 043 | _aa-ii--- | ||
| 050 | 0 | 0 |
_aHD9539.A3 _bI4445 1990 |
| 082 | 0 | 4 |
_222 _a671.37 _bMET |
| 245 | 0 | 0 |
_aHandbook of non-ferrous metal powders : _btechnologies and applications/ _cOleg D. Neikov ... [et al.]. |
| 250 | _a5th ed. | ||
| 260 |
_aAmsterdam : _bElsevier, _cc.2009. |
||
| 300 |
_axvii, 621 p. : _bill. ; _c29 cm. |
||
| 500 | _aIndex : p. 609-621 | ||
| 504 | _aIncludes bibliographical references. | ||
| 590 | _aCatalogued By: Mostafa El-Helaly | ||
| 650 | 0 |
_aPowder metallurgy _vHandbooks, manuals, etc. _910666 _2BUEsh |
|
| 650 | 0 |
_aNonferrous metals _910664 _v--Handbooks, manuals, etc. _2BUEsh |
|
| 651 | _2BUEsh | ||
| 653 |
_cAugust2015 _bENGCHE |
||
| 655 |
_vreading book _934232 |
||
| 700 | 1 |
_aNeikov, Oleg D., _eauthor. |
|
| 700 | 1 |
_aNaboychenko, Stanislav S., _eauthor. |
|
| 700 | 1 |
_aMurashova, Irina V., _eauthor. |
|
| 700 | 1 |
_aGopienko, Victor G., _eauthor. |
|
| 700 | 1 |
_aFrishberg, Irina V., _eauthor. |
|
| 700 | 1 |
_aLotsko, Dina V., _eauthor. |
|
| 942 |
_2ddc _cBB |
||
| 999 |
_c13212 _d13212 |
||